| 000 | 01022nam a22002537a 4500 | ||
|---|---|---|---|
| 005 | 20160829160129.0 | ||
| 008 | 160829s2010 ck a||||r|||| 00| 0 spa d | ||
| 020 | _a97895888426150 | ||
| 040 |
_aCO-BoIAVH _cCO-BoIAVH |
||
| 041 | 0 | _aspa | |
| 044 | _ack | ||
| 082 | 0 | 4 |
_a333.714 _bF63e |
| 100 | 1 |
_aFlórez, Natalia _eautora |
|
| 245 | 1 | 0 |
_aEstrategia nacional de monitoreo del Sistema de Parques Nacionales Naturales de Colombia / _cNatalia Flórez Zambrano, Marco Pardo y Margarita Lopera |
| 260 |
_aBogotá, Colombia : _bSistema de Parques Nacionales Naturales de Colombia, _c2010. |
||
| 300 |
_a44 páginas : _bilustraciones ; _c21 x 20 cm. + _e1 plegable |
||
| 504 | _aIncluye referencias bibliográficas. | ||
| 650 | 2 | 6 |
_aParques nacionales _xVigilancia ambiental _zColombia |
| 650 | 2 | 6 |
_aParques nacionales _xMonitoreo _zColombia |
| 650 | 2 | 6 |
_aPolítica ambiental _zColombia |
| 700 | 1 |
_aPardo, Marco _eautor |
|
| 700 | 1 |
_aLopera, Margarita _eautor |
|
| 942 |
_2ddc _cLIBRO |
||
| 999 |
_c18984 _d18984 |
||